[Event "PAR-ch sf"]
[Site "Asuncion"]
[Date "2019.09.06"]
[Round "1"]
[White "Pereira, Sergio1111"]
[Black "Arce Escobar, Fernando"]
[Result "1-0"]
[WhiteElo "2098"]
[BlackElo "1573"]
[PlyCount "71"]
[EventDate "2019.09.06"]
[EventType "swiss"]
[EventRounds "9"]
[EventCountry "PAR"]
[SourceTitle "EXT 2020"]
[Source "ChessBase"]
[SourceDate "2019.10.17"]
[SourceVersion "1"]
[SourceVersionDate "2019.10.17"]
[SourceQuality "1"]

1. Nf3 d6 2. d4 g6 3. c4 Bg7 4. g3 Nf6 5. Bg2 Nbd7 6. Nc3 c6 7. 0-0 Qc7 8. b3 0-0 9. e4 e5 10. h3 a6 11. Be3 Re8 12. Rc1 exd4 13. Nxd4 Nc5 14. Qc2 Qe7 15. f3 Ne6 16. Nde2 h6 17. Qd2 Kh7 18. Rcd1 Rd8 19. Bb6 Rd7 20. Rfe1 Nc7 21. Nf4 g5 22. Nfe2 Nh5 23. Kh2 Ne6 24. Be3 b5 25. Qc2 Kg8 26. f4 gxf4 27. gxf4 Qh4 28. Qc1 Bxc3 29. Qxc3 b4 30. Qd2 Rd8 31. Rg1 Kh7 32. f5 Ng5 33. Bxg5 hxg5 34. Bf3 Qf2+ 35. Rg2 Qxf3 36. Qxg5 1-0

[Event "Posadas Rality"]
[Site "Posadas"]
[Date "2018.03.03"]
[Round "2.2"]
[White "Numata, Sebastian"]
[Black "Arce Escobar, Fernando"]
[Result "1-0"]
[WhiteElo "1837"]
[BlackElo "1500"]
[PlyCount "77"]
[EventDate "2018.03.02"]
[EventType "tourn"]
[EventRounds "5"]
[EventCountry "ARG"]
[SourceTitle "EXT 2024"]
[Source "ChessBase"]
[SourceDate "2023.10.10"]
[SourceVersion "1"]
[SourceVersionDate "2023.10.10"]
[SourceQuality "1"]

1. d4 d6 2. e4 g6 3. Nf3 Bg7 4. c4 Nd7 5. Be2 c5 6. Nc3 Ngf6 7. 0-0 0-0 8. Re1 e5 9. dxe5 dxe5 10. Qc2 a6 11. a3 b6 12. h3 Bb7 13. Nh2 Qc7 14. Ng4 Rfe8 15. Bg5 Nxg4 16. Bxg4 Nf6 17. Rad1 Nxg4 18. hxg4 f6 19. Be3 Rad8 20. Rxd8 Rxd8 21. Rd1 Rd6 22. f3 Qd7 23. Rxd6 Qxd6 24. Qd2 Qxd2 25. Bxd2 Bc6 26. Nd5 Bxd5 27. cxd5 Bf8 28. Kf2 a5 29. a4 Bd6 30. Ke2 Kf7 31. Kd3 Ke7 32. Kc4 Bc7 33. Kb5 Kd6 34. Bh6 Ke7 35. Kc6 Bd8 36. d6+ Ke8 37. b3 g5 38. Bf8 b5 39. Kxb5 1-0

[Event "Posadas Rality"]
[Site "Posadas"]
[Date "2018.03.02"]
[Round "1.3"]
[White "Arce Escobar, Fernando"]
[Black "Crotti, Lucas"]
[Result "1-0"]
[WhiteElo "1500"]
[BlackElo "2040"]
[PlyCount "53"]
[EventDate "2018.03.02"]
[EventType "tourn"]
[EventRounds "5"]
[EventCountry "ARG"]
[SourceTitle "EXT 2024"]
[Source "ChessBase"]
[SourceDate "2023.10.10"]
[SourceVersion "1"]
[SourceVersionDate "2023.10.10"]
[SourceQuality "1"]

1. Nf3 Nf6 2. d4 g6 3. c4 Bg7 4. Nc3 0-0 5. Bf4 d6 6. e3 h6 7. h3 c5 8. dxc5 dxc5 9. Qc2 Qa5 10. 0-0-0 Nc6 11. a3 e6 12. g4 Nd7 13. Bd6 Re8 14. Nb5 Nde5 15. Nxe5 Bxe5 16. Nc7 Bxd6 17. Nxe8 Be5 18. f4 Bh8 19. Nd6 a6 20. Bg2 Qc7 21. Rd3 Bd7 22. Rhd1 Be8 23. Nxe8 Rxe8 24. Rd7 Qc8 25. Qd3 Bf6 26. Be4 Rd8 27. Bxc6 1-0